Vista normal Vista MARC

Entrada Personal Name

Número de registros utilizados en: 4

001 - CONTROL NUMBER

  • control field: 2571

003 - CONTROL NUMBER IDENTIFIER

  • control field: OSt

005 - DATE AND TIME OF LATEST TRANSACTION

  • control field: 20230613170316.0

008 - FIXED-LENGTH DATA ELEMENTS

  • fixed length control field: 230613|| aca||aabn | a|a d

040 ## - CATALOGING SOURCE

  • Original cataloging agency: OSt
  • Transcribing agency: OSt

100 ## - HEADING--PERSONAL NAME

  • Personal name: Flaubert, Gustave
  • Dates associated with a name: 1821-1880

670 ## - SOURCE DATA FOUND

  • Source citation: Work cat.: (OSt)5655: Flaubert, Gustave 1821-1880 autor, Madame Bovary









Instituto Departamental de Cultura del Meta - Red Departamental de Bibliotecas Públicas del Meta.